| 000 | 00686nam a22002055i 4500 | ||
|---|---|---|---|
| 001 | 154764 | ||
| 003 | ES-MaACL | ||
| 005 | 20250712063130.0 | ||
| 008 | 040707q1900 fr b |||| | fre d | ||
| 080 | _a94(438) | ||
| 100 | 1 |
_aGrappin, Henri, _d1881-1959 _eaut _9127536 |
|
| 245 | 1 | 0 |
_aHistoire de Pologne : _bde ses origines a 1900 / _cHenri Grappin. |
| 260 |
_aParis : _bRevue de Pologne, _c[ca. 1900] |
||
| 300 |
_a188 páginas, [1] hoja de mapa plegada ; _c20 cm. |
||
| 651 | 4 |
_aPolonia- _xHistoria. _99240 |
|
| 852 | 4 |
_aES-MaACL _cDEPO2 _hDonativo Peiper _jG-623 _xHolandesa |
|
| 942 |
_2udc _cMONANT _n0 |
||
| 999 |
_c154764 _d154764 |
||